000 00619nam a2200253Ia 4500
005 20260123164107.0
008 008 260114s9999 xx 000 0 eng d
020 _a9789354432330
037 _aEBOOK
040 _aCRL
040 _beng
040 _cCRL
041 _2eng
041 _aeng
084 _qCRL
100 _aDHARMAIAH, V.
_91105827
245 0 _aIntroduction to  Theory of Ordinary Differential Equations
260 _bPHI
260 _c2012
856 _uhttps://elibrary.phindia.com/ebooks/reader/9789354432330du
942 _cEBOOK
999 _c1670950
_d1670950